00318 a2200109 4500001000700000020000600007040001100013100003000024240007500054245007000129362000900199169261 a  cMagnum aGonzalez Fernandez, Fidel10aDeportes escolares: educacion fisica en secundaria y bachilleratolpor10aDeportes escolares: educacion fisica en secundaria y bachillerato0 a1899